000 004540000a22001690004500
041 0 _aSPA
082 0 4 _aG 254 R586r
100 1 _aRíos T., Asdrubal
245 1 0 _aLa respuesta a todas las necesidades de la obra / Asdrubal Ríos T.
260 _aMaracaibo, Venezuela : Libertador
300 _a84 Pag
001 6596
942 _cBK
999 _c36864
_d36864
336 _atexto
_btxt
_2rdacontent
337 _2rdamedia
_asin mediación
_bn
338 _2rdacarrier
_avolumen
_bnc